Capacidad estimada de la producción mundial de fertilizantes en relación a las necesidades futuras : 1970-1975 /

Guardado en:
Autor Principal: Harre, E.A.
Otros Autores: Kennedy, F.M.
Formato: Libro
Idioma:Spanish
Publicado: México : Centro regional de ayuda técnica, 1972.
Etiquetas: Agregar Etiqueta
Sin Etiquetas, Sea el primero en etiquetar este registro!
LEADER 00581nam a22001695a 4500
001 EUN.um042821
003 AR-BaUNS
005 20050623122913.0
008 041125s1972####mx############000#0#spa#d
245 1 0 |a Capacidad estimada de la producción mundial de fertilizantes en relación a las necesidades futuras :  |b 1970-1975 /  |c E.A. Harre, F.M. Kennedy. 
260 |a México :  |b Centro regional de ayuda técnica,  |c 1972. 
300 |a 39 p. 
100 1 |a Harre, E.A. 
700 1 |a Kennedy, F.M. 
082 0 4 |a 631.8 
082 0 4 |a 338.27 
859 |a Ar-BaUNS  |b BIB. CENTRAL - Sector C  |h 631.8  |i H235  |p 66397/973